La relacin̤ entre Mx̌ico y los Estados Unidos (1940-1955) Entre el conflicto y la cooperacin̤ /

Detalles Bibliográficos
Autor principal: Chacn̤, Susana
Formato: Software Libro
Lenguaje:español
Publicado: Mx̌ico Fondo de cultura econm̤ica 2008
Materias:
Acceso en línea:Acceso restringido

MARC

LEADER 00000nam a22000007a 4500
005 20151013120518.0
007 c||||| ||u|
008 151013s2008 mx ||||| |||| 00||0 spa d
020 |a 978-968-16-8465-5 
035 |a 12855 
040 |a vLex 
090 |c 5585  |d 5585 
100 1 |a Chacn̤, Susana 
245 1 3 |a La relacin̤ entre Mx̌ico y los Estados Unidos (1940-1955)  |h [Recurso electrn̤ico] :  |b Entre el conflicto y la cooperacin̤ /  |c Susana Chacn̤ 
256 |a Servicio en ln̕ea 
260 |a Mx̌ico  |b Fondo de cultura econm̤ica   |c 2008 
300 |a 1 recurso electrn̤ico 
506 |a contenido solo dsiponible en los productos indicados  |d vLex Global  |d vLex Global (Academic Edition, excluding Law Schools)  |d vLex Global (U.S. Academic Edition, Law Schools)  |d vLex Global (U.S. Academic Edition, excluding Law Schools)  |d vLex Global (Academic Edition, Law Schools) 
650 0 4 |a Relacions internacionals  |z Mx̌ico  |z Estados Unidos 
740 0 |a vLex libros (servicio en ln̕ea) 
856 4 0 |u http://vlex.com/source/relacion-mexico-estados-unidos-1940-1955--12855  |z Acceso restringido 
942 |c BOOK 
999 0 |a International relations